[Event "Santander SUB 1800"]
[Site "Santander"]
[Date "2013.05.25"]
[Round "4.10"]
[White "Hernandez Gutierrez, Jesus"]
[Black "Jaimes Garnica, Diana C"]
[Result "1-0"]
[WhiteElo "1684"]
[BlackElo "1552"]
[PlyCount "106"]
[EventDate "2013.05.18"]
[EventType "swiss"]
[EventRounds "7"]
[EventCountry "COL"]
[SourceTitle "EXT 2024"]
[Source "ChessBase"]
[SourceDate "2023.10.10"]
[SourceVersion "1"]
[SourceVersionDate "2023.10.10"]
[SourceQuality "1"]

1. e4 d5 2. e5 Nc6 3. Bb5 Bd7 4. Bxc6 Bxc6 5. d4 e6 6. Nf3 h6 7. a4 Ne7 8. b4 b6 9. b5 Bb7 10. Ba3 Ng6 11. Bxf8 Nxf8 12. Nbd2 Ng6 13. Rc1 Rc8 14. 0-0 c6 15. c4 cxb5 16. axb5 Qe7 17. Qb3 0-0 18. Qa2 Ba8 19. Rc3 Rc7 20. Rfc1 Rfc8 21. c5 bxc5 22. dxc5 Rxc5 23. Qb2 Rxc3 24. Rxc3 Rxc3 25. Qxc3 Qd7 26. h3 Kh7 27. Qd3 Kg8 28. Qc3 Nf4 29. Nd4 Ng6 30. N2f3 Bb7 31. Nc6 Bxc6 32. Qxc6 Qxc6 33. bxc6 Ne7 34. Nd4 Kf8 35. Nb5 Ke8 36. c7 Kd7 37. Nxa7 Kxc7 38. Nb5+ Kc6 39. Nd6 f6 40. Nf7 Ng6 41. exf6 gxf6 42. Nxh6 d4 43. Kf1 Kc5 44. Ke1 Kc4 45. Kd2 Nf4 46. Ng4 f5 47. Ne5+ Kd5 48. Nd3 Nxg2 49. Ke2 Ke4 50. Nc5+ Ke5 51. Kf3 Nf4 52. Nd7+ Kd5 53. Kxf4 Kc4 1-0